00725nam a2200217Ii 45000010005000000030009000050080041000140400033000550410008000880820012000961000021001082450014001292640066001433000012002093360026002213370028002473380027002759400050003029990017003529520138003695927CO-ViMGA241108s9999||||xx |||||||||||||| ||und|| aCO-ViMGAbspaerdacCO-ViMGA0 aunk04a861-A761 aP. Arolas95648810aPoesías 1a[Lugar de publicación no identificado] : Espasa-Calpe, 1949 avolumen atextbtxt2rdacontent aunmediatedbn2rdamedia avolumebnc2rdacarrier aidficha_siabuc: 5780. -- ficha_no_siabuc:5927 c54494d54494 001040708001aMEVIGERRbMEVIGERRcGENd2006-11-27hVol.1o861-A76pECA5127r2024-11-26 10:41:28tEj.1w2024-11-26yBKz5780 | 8085